MARC

LEADER 00000nam0a2200000 4500
001 16113
005 20241126063147.0
010 |a 5289014128 
035 |a (RuTPU)RU\TPU\book\16235 
035 |a BOOK00000923 
090 |a 16113 
100 |a 20011209d1991 k y0rusy50 ca 
101 0 |a rus 
102 |a RU 
105 |a a ef 000zy 
200 1 |a Россия  |e Энциклопедический словарь 
210 |a Ленинград  |c Лениздат  |d 1991 
215 |a 874 с.  |c ил. 
606 |a Россия  |x История  |7 ca  |8 rus  |9 81526 
610 1 |a география 
610 1 |a население 
610 1 |a политика 
610 1 |a финансы 
610 1 |a экономика 
610 1 |a промышленность 
610 1 |a просвещение 
610 1 |a право 
610 1 |a русский язык 
610 1 |a литература 
610 1 |a искусство 
610 1 |a наука 
610 1 |a энциклопедический словарь Брокгауза и Ефрона 
686 |a Т3(2)я2  |2 rubbk 
801 0 |a RU  |b 63413507  |c 20011209  |g PSBO 
801 2 |a RU  |b 63413507  |c 20140909  |g PSBO 
942 |c BK